European Countries with Most Museums per Capita - Statistics

General Stats
  • This quiz has been taken 101 times
  • The average score is 6 of 10
Answer Stats
# per million Country % Correct
265.4 Monaco
78%
323.5 San Marino
78%
324.7 Andorra
77%
148.8 Malta
67%
130.4 Switzerland
62%
83.8 Austria
61%
114.6 Norway
61%
192.6 Iceland
59%
133.2 Estonia
48%
159.2 Montenegro
29%
No matching quizzes found
Score Distribution
Percent of People with Each Score
Percentile by Number Answered
Your Score History
You have not taken this quiz